Największe miasta Ameryki Północnej - Statystyki

Ogólne statystyki
  • Ten quiz został rozwiązany 47 razy
  • Średni wynik to 6 z 10
Statystyki odpowiedzi
Państwo Powierzchnia Miasto % Poprawnych
USA 1 214 km² Nowy Jork
95%
Meksyk 1 495 km² Meksyk
93%
USA 1 302,2 km² Los Angeles
90%
Kanada 630,2 km² Toronto
88%
USA 606,4 km² Chicago
81%
Kuba 728,3 km² Hawana
74%
Kanada 498 km² Montreal
57%
USA 1 724,5 km² Houston
29%
Meksyk 338 km² Tijuana
14%
Meksyk 534,3 km² Puelba
0%
Nie znaleziono quizów pasujących do podanych kryteriów
Rozkład punktacji
Procent ludzi z każdym wynikiem
Percentyl według liczby udzielonych odpowiedzi
Twoja historia wyników
Nie rozwiązałeś tego quizu